000 01608nam a2200349 i 4500
001 183889
003 ES-MaACL
005 20250829061619.0
008 141106m20132014sp abde |||| | spa d
020 _a978-84-616-9829-5
080 _a910.4(265)"15"(063)
080 _a94(460.253 Llerena)(063)
111 2 _aJornadas de Historia en Llerena (
_n14ª.
_d2013)
_9155864
245 1 0 _aEspaña, el Atlántico y el Pacífico
_b: y otros estudios sobre Extremadura /
_c[XIV Jornadas de Historia en Llerena ; coordinación general, Felipe Lorenzana de la Puente ; autores, Antonio García-Abásolo ... (et al.)].
246 3 _aV Centenario del Descubrimiento de la Mar del Sur
246 3 _aJornadas de Historia en Llerena
260 _aLlerena (Badajoz) :
_bSociedad Extremeña de Historia,
_c2013 [i.e. 2014]
300 _a416 p. :
_bgráf., il., planos ;
_c24 cm +
_e1 DVD.
504 _aReferencias bibliográficas.
546 _aTextos en español; resúmenes en español e inglés.
650 7 _aDescubrimientos geográficos españoles
_2embne
_911831
651 4 _aExtremadura-
_xHistoria-
_vCongresos y asambleas.
_9137146
651 4 _aPacífico-
_xDescubrimientos y exploraciones-
_xEspañoles.
_9155865
651 4 _aEspaña-
_xColonias-
_yS.XIX
_98176
700 1 _aLorenzana de la Puente, Felipe.
_9129072
700 1 _aGarcía-Abásolo, Antonio.
_9158213
710 2 _aSociedad Extremeña de Historia.
_96768
852 _aES-MaACL
_jA-13297
_9190849
_bR.150204
_cDEPO1
_dOlim: N-6297
852 _aES-MaACL
_jROT 2/7/18
942 _2udc
_cMONOGRAFIA
999 _c183889
_d183889